<?xml version="1.0" encoding="UTF-8"?><?xml-stylesheet type="text/xsl" href="static/style.xsl"?><OAI-PMH xmlns="http://www.openarchives.org/OAI/2.0/" xmlns:xsi="http://www.w3.org/2001/XMLSchema-instance" xsi:schemaLocation="http://www.openarchives.org/OAI/2.0/ http://www.openarchives.org/OAI/2.0/OAI-PMH.xsd"><responseDate>2026-04-13T02:58:27Z</responseDate><request verb="GetRecord" identifier="oai:www.recercat.cat:2445/114074" metadataPrefix="marc">https://recercat.cat/oai/request</request><GetRecord><record><header><identifier>oai:recercat.cat:2445/114074</identifier><datestamp>2025-12-04T21:06:15Z</datestamp><setSpec>com_2072_1057</setSpec><setSpec>col_2072_478818</setSpec><setSpec>col_2072_478917</setSpec></header><metadata><record xmlns="http://www.loc.gov/MARC21/slim" xmlns:dcterms="http://purl.org/dc/terms/" xmlns:xsi="http://www.w3.org/2001/XMLSchema-instance" xmlns:doc="http://www.lyncode.com/xoai" xsi:schemaLocation="http://www.loc.gov/MARC21/slim http://www.loc.gov/standards/marcxml/schema/MARC21slim.xsd">
   <leader>00925njm 22002777a 4500</leader>
   <datafield ind2=" " ind1=" " tag="042">
      <subfield code="a">dc</subfield>
   </datafield>
   <datafield ind2=" " ind1=" " tag="720">
      <subfield code="a">Guzmán Almagro, Alejandra</subfield>
      <subfield code="e">author</subfield>
   </datafield>
   <datafield ind2=" " ind1=" " tag="260">
      <subfield code="c">2017-07-19T11:46:02Z</subfield>
   </datafield>
   <datafield ind2=" " ind1=" " tag="260">
      <subfield code="c">2017-07-19T11:46:02Z</subfield>
   </datafield>
   <datafield ind2=" " ind1=" " tag="260">
      <subfield code="c">2002-05-01</subfield>
   </datafield>
   <datafield ind2=" " ind1=" " tag="260">
      <subfield code="c">2017-07-19T11:46:02Z</subfield>
   </datafield>
   <datafield ind2=" " ind1=" " tag="520">
      <subfield code="a">La figura de I'arxiver reial Pere Miquel Carbonell (1434-1517), ha estat estudiada des de diversos aspectes de la seva activitat com a cronista i bibliofil erudit del Renaixement a Catalunya, l pero en poques ocasions s'ha tingut en compte un deis seus particulars interessos, com és aquell referent a les inscripcions antigues, que deixa present en alguns deis seus papers. És precisament aquest interes, que d'altra banda esdevingué denominador comú d'una bona part deis humanistes de la seva epoca, el que vincula a P.M. Carbonell a I'activitat epigratica que tingué lIoc en el decurs deis segles XV i XVI, i les notícies a proposit de les inscripcions que deixa en els seus escrits ofereixen una font gens menyspreable per als estudis, no només de la historia de la investigació epigratica a Catalunya, sinó també d'algunes inscripcions de les que encara avui tenim poca informació.</subfield>
   </datafield>
   <datafield tag="653" ind2=" " ind1=" ">
      <subfield code="a">Epigrafia</subfield>
   </datafield>
   <datafield tag="653" ind2=" " ind1=" ">
      <subfield code="a">Epigraphy</subfield>
   </datafield>
   <datafield tag="653" ind2=" " ind1=" ">
      <subfield code="a">Carbonell, Pere Miquel, 1434-1517</subfield>
   </datafield>
   <datafield ind2="0" ind1="0" tag="245">
      <subfield code="a">La notícia de Pere Miquel Carbonell a propòsit d'una inscripció tarragonina</subfield>
   </datafield>
</record></metadata></record></GetRecord></OAI-PMH>